000
00311nam a2200133Ia 4500
008
220216s9999 xx 000 0 und d
100
_a
Latha Jishnu
245
0
_a
Who is watching GM crops ?
260
_b
Down to Earth
_c
2011
300
_a
32-37
650
_a
GM crops
700
_a
Jyotika Sood
942
_c
JS
999
_c
72405
_d
72405